Principio, realidad y norma. El valor de las exposiciones de motivos (y de los preámbulos).

Furkejuvvon:
Bibliográfalaš dieđut
Váldodahkki: Cerdeira Bravo de Mansilla, Guillermo (autor)
Eará dahkkit: Rogel Vide, Carlos (prólogo)
Materiálatiipa: Girji
Giella:eaŋgalasgiella
Almmustuhtton: México, D.F, México: UBIJUS, 2015.
Madrid, España: Reus, 2015.
Ráidu:Biblioteca Iberoamericana de Derecho.
Fáttát:
Fáddágilkorat: Lasit fáddágilkoriid
Eai fáddágilkorat, Lasit vuosttaš fáddágilkora!

MARC

LEADER 00000nam a22000007a 4500
003 CL-VaPUC
005 20220822114423.0
008 220224b2015 ||||| |||| 00| 0 eng d
999 |c 434525  |d 434523 
040 |c Pontificia Universidad Católica de Valparaíso 
082 0 4 |2 22  |a 340.1 CER 2015 
100 1 |a Cerdeira Bravo de Mansilla, Guillermo  |9 602765  |e autor 
245 1 0 |a Principio, realidad y norma.   |b El valor de las exposiciones de motivos (y de los preámbulos).  
260 |a México, D.F, México:   |b UBIJUS,   |c 2015. 
260 |a Madrid, España:   |b Reus,   |c 2015. 
300 |a 174 páginas.  
490 0 |a Biblioteca Iberoamericana de Derecho.  
500 |a c.1 Donación Familia Prof. Alejandro Guzmán Brito. 
583 |c 20220224  |k Yessy Stephany Diaz Vidal 
650 1 |a Filosofía del derecho  |z España  |9 869559 
650 1 |a Filosofia del derecho  |z América Latina  |9 869560 
700 |a Rogel Vide, Carlos  |9 385440  |e prólogo  
942 |2 ddc  |c BK  |n 0 
952 |0 0  |1 0  |2 ddc  |4 0  |6 340_100000000000000_CER_2015  |7 1  |8 C_AGB  |9 581408  |a BIBDER  |b BIBDER  |d 2022-02-24  |e Donación   |i 5647150  |o 340.1 CER 2015  |p 5647150  |r 2023-01-25  |t 1  |w 2022-02-24  |y BK_US  |k AGB